(Papierová) e-fakturácia v eurozóne
Papierová a elektronická fakturácia. Dôvody pretrvávania papierových faktúr. VAT Direktíva Európskej komisie, Direktíva o dani z pridanej hodnoty. Reformy platobného styku, SEPA ako základ služieb retailového platobného styku v Európe. Súčasné národné daňové pravidlá spôsobujú tzv."VAT carousel frau...
Uložené v:
| Hlavný autor: | |
|---|---|
| Médium: | Kapitola |
| Jazyk: | Slovak |
| Predmet: | |
| Tagy: |
Žiadne tagy, Buďte prvý, kto otaguje tento záznam!
|
MARC
| LEADER | 00000naa$a2200000$$$4500 | ||
|---|---|---|---|
| 001 | 0112849 | ||
| 005 | 20231106075615.7 | ||
| 041 | 0 | |a slo | |
| 044 | |a SK | ||
| 245 | 1 | 0 | |a (Papierová) e-fakturácia v eurozóne |c Miloslav Hoschek |
| 520 | |a Papierová a elektronická fakturácia. Dôvody pretrvávania papierových faktúr. VAT Direktíva Európskej komisie, Direktíva o dani z pridanej hodnoty. Reformy platobného styku, SEPA ako základ služieb retailového platobného styku v Európe. Súčasné národné daňové pravidlá spôsobujú tzv."VAT carousel fraud", kolotoč zneužitia DPH. Bruselské iniciatívy e-fakturácie v eurozóne. Harmonizácia daňových odlišností. | ||
| 610 | 2 | 0 | |a Európa |
| 610 | 2 | 0 | |a eurozóna |
| 610 | 2 | 0 | |a fakturovanie |
| 610 | 2 | 0 | |a faktúry |
| 610 | 2 | 0 | |a elektronizácia |
| 610 | 2 | 0 | |a styk platobný |
| 610 | 2 | 0 | |a komunikácia elektronická |
| 610 | 2 | 0 | |a spolupráca medzinárodná |
| 100 | 1 | |a Hoschek, Miloslav | |